| 000 | 00604nam a22002177a 4500 | ||
|---|---|---|---|
| 005 | 20170124110102.0 | ||
| 010 | _aA-857513 | ||
| 020 |
_c40.00 _a817564026 |
||
| 035 | _aA-857513 | ||
| 037 | _bCen Lib/Ret | ||
| 040 |
_aDPL _bEN |
||
| 082 |
_aS- _bWOR |
||
| 245 |
_aWorlds greatest adventures / _cedited by Subhash Gupta |
||
| 260 |
_a Delhi _bSahni Publications _c1998 |
||
| 270 |
_a4777,Dr. Mitra Gali Roshanara Road _b Delhi _e110007 |
||
| 300 |
_a199p. _c20cm(Hb) |
||
| 650 |
_aTravel _925007 |
||
| 650 |
_aVocation _927339 |
||
| 700 |
_a Gupta, Subhash _9141671 |
||
| 942 |
_2ddc _cEN _hS- _mWOR |
||
| 999 |
_c129767 _d129767 |
||